00466nam a2200157Ia 4500999001700000003000400017005001700021008004100038040000900079082002200088100002300110245006200133260005300195300000900248942005100257 c35096d35096OSt20201215093417.0190216s9999||||xx |||||||||||||| ||und|| coclc a880.900103bHAR/T aHarvey, Paul96905 4aThe Oxford Companion To English Literature /cPaul Harvey bOxford At The Clarendon Press,aNew York:c1958: a465p cREF2ddch880.900103iHAR/Tk880.900103mHAR/T